000 00465nam a2200157Ia 4500
008 210716s2016 xx 000 0 und d
020 _a9788184007602
041 _aeng
082 _a374.22 SHAD
100 _aSharma, Dheeraj.
245 _aSwinging the mandate: developing and managing a winning campaign.
_bDeveloping and managing a winning campaign.
250 _a1
260 _aHaryana
_bPenguin Books
_c2016
300 _a255
650 _aGeneral Knowledge
999 _c210461
_d210461